Statistics for Math Vocabulary #2

Click here to take the quiz!

General Stats

  • This quiz has been taken 232 times
  • The average score is 12 of 20

Answer Stats

DefinitionWord% Correct
Eight-sided polygonOctagon
96%
Angle of exactly 90 degrees{Right} angle
95%
The top number in a fractionNumerator
88%
Type of average; calculated by adding all values in a set and dividing the result by the number of valuesMean
85%
A number indicating the steepness of a straight line graphSlope / Gradient
82%
Triangle in which all sides have the same lengths{Equilateral} triangle
71%
A function in the form y = kx where k is a constant{Exponential} function
57%
Opposite of the aboveIntegration
56%
Logarithm with the base of the above{Natural} logarithm
54%
Type of transformation; involves moving a shape horizontally and/or vertically without doing anything elseTranslation
54%
What the graph of a quadratic function is calledParabola
53%
Unit of angle size; approximately 57.3 degreesRadian
53%
A way of writing numbers in the form a × 10n where 1 ≤ a < 10{Scientific} notation
51%
Numbers like 1/3 or 1/7 written out{Repeating} decimals
50%
A line that splits an angle into two smaller angles equal in sizeAngular {bisector}
49%
What this is called: a / sin A = b / sin B = c / sin C{Sine} rule
49%
A line segment joining any two points on the circumference of a circleChord
46%
The process of finding a function's derivativeDifferentiation
45%
Theoretical upper limit of the expression (1 + 1/x)x{Euler}'s number
45%
10 to the googol-th powerGoogolplex
40%

Score Distribution

Percentile by Number Answered

Percent of People with Each Score

Your Score History

You have not taken this quiz